000 00988nam a22003137a 4500
003 CHAP
005 20220329134839.0
008 971013s1970 ne a r 00010 eng d
010 _a26891
011 _a27863
035 _a31964
040 _cCHAP
082 0 4 _a634.956
_bK3
100 0 0 _aKaul, R. N.
_eed.
_962827
245 1 0 _aAfforestation in arid zones
_c/editado por R. N Kaul
260 _aThe Hague :
_bJunk,
_c1970
300 _a435 p. :
_bilus.
490 _aMonographiae biologicae
_v; 20
590 _aBATCH-UPD
_b10
_c20130110
_lUCH01
_h1758
590 _aBATCH-UPD
_b10
_c20130410
_lUCH01
_h1134
590 _aBATCH-UPD
_b10
_c20130914
_lUCH01
_h1829
590 _aCONVERSION
_b10
_c20130109
_lUCH01
_h1315
650 1 4 _aReforestación
_xRegiones áridas.
_995506
650 1 4 _aRegiones áridas
_xBosques.
_995675
830 0 _aMonographiae biologicae
_v; 20
_977595
901 _aBK
942 _cLIBRO
949 _a634.956 K3
_bBC
_cLIBRO
_d33724000244596
_eLIBRO
_h56114
_i31964
_si
999 _c26891
_d26891